|
|
|
|
| LEADER |
01083nam a2200217 a 4500 |
| 001 |
GR-MES16369 |
| 008 |
140411s19uu gr g 000 0 gre d |
| 040 |
|
|
|a GrPaTEI
|b gre
|c GR-PaULI
|
| 040 |
|
|
|a GrPaTEI
|b gre
|c GR-PaULI
|
| 082 |
|
0 |
|a 615.8209495
|2 22
|
| 245 |
0 |
2 |
|a Η φυσικοθεραπεία στην Ελλάδα 1950-2010 :
|b 60 χρόνια ανοδικής πορείας και προσφοράς:ιστορική αναδρομή /
|c Παναγιώτης Μπουζικάκος,Γιάννης Μαρμαράς.
|
| 260 |
|
|
|a Αθήνα :
|b Μπουζικάκος,
|c [19--]
|
| 300 |
|
|
|a 151σ. :
|b εικ.
|
| 650 |
|
4 |
|a Φυσικοθεραπεία
|
| 700 |
1 |
|
|a Μαρμαράς, Γιάννης
|
| 700 |
1 |
|
|a Μπουζικάκος, Παναγιώτης
|
| 710 |
0 |
|
|a Μπουζικάκος
|
| 942 |
|
|
|2 ddc
|
| 971 |
|
|
|a .b25824181
|b 07-10-20
|c 13-09-16
|
| 999 |
|
|
|c 158734
|d 158734
|
| 952 |
|
|
|0 0
|1 0
|2 ddc
|4 0
|6 615_820949500000000_ΜΠΟ
|7 0
|9 274370
|a MSLG
|b MSLG
|c BSC
|d 2021-01-17
|e 24
|f 0
|g 0.00
|l 0
|o 615.8209495 ΜΠΟ
|p 2420000026960
|r 2021-01-17
|t 1
|w 2021-01-17
|y BK15
|x 20140623 0 Κ.Γ. 1
|x GrPaTEI
|